
Library Catalogue

| 000 -LEADER | |
|---|---|
| fixed length control field | 01915nam a22002057a 4500 |
| 003 - CONTROL NUMBER IDENTIFIER | |
| control field | OSt |
| 005 - DATE AND TIME OF LATEST TRANSACTION | |
| control field | 20260217091413.0 |
| 008 - FIXED-LENGTH DATA ELEMENTS--GENERAL INFORMATION | |
| fixed length control field | 190817b2017 ||||| |||| 00| 0 eng |
| 020 ## - INTERNATIONAL STANDARD BOOK NUMBER | |
| International Standard Book Number | 9789384166199 (hbk) |
| 082 ## - DEWEY DECIMAL CLASSIFICATION NUMBER | |
| Classification number | 306.0954 JAS |
| 100 ## - MAIN ENTRY--PERSONAL NAME | |
| Personal name | Jaswal Paramjit S |
| 245 ## - TITLE STATEMENT | |
| Title | Contemporary social issues in Indian society : |
| Remainder of title | socio-legal perspectives / |
| Statement of responsibility, etc. | Paramjit S Jaswal |
| 260 ## - PUBLICATION, DISTRIBUTION, ETC. | |
| Place of publication, distribution, etc. | New Delhi : |
| Name of publisher, distributor, etc. | Winshield Press, |
| Date of publication, distribution, etc. | 2017. |
| 300 ## - PHYSICAL DESCRIPTION | |
| Extent | x, 213 p. : |
| Dimensions | 22 cm |
| 505 ## - FORMATTED CONTENTS NOTE | |
| Formatted contents note | Content:<br/>1. Delineting Justice : Stories of Lw and Literature;<br/>2. Gender SEnsitistion and Law : The Isues Society Need to Learn;<br/>3. Corporates and Socieities : Analysing the Liabiity Involved;<br/>4. Patters of Alocohol Consump[tion among Alocholics in PUnjab : A Field work Based Observation;<br/>5. Sexual Harassment : A Menace at Workplace;<br/>6. Living Environment of Dehradun : An Issue for Sutabinable Smart City;<br/>7. Homosexuality and Socialisation of Sexual Orientation;<br/>8. Environmental Protection and Sustainable Development in India;<br/>9.Transgenders, Srxual Minorities and the Law : The Emergeing Rights Landscap;<br/>10. Gender and Indian Society : Perspective and Challenges;<br/>11. Deed Registration System or Title Registration System: A guard Against Forged Documentes;<br/>12. Exploing the Constitutional Privileges and Legal Safeguads for the Empowerment of Women in India : An overview;<br/>13. Environmental Pollution in India and its Impact;<br/>14. Female Genital Mutilation Practice Among Dawoodi Bohra Community in India : A Legal Critique;<br/>15. Deep WEb : A Deeper and Darket Society;<br/>16. Sexuaity Discourse in Legal and Social Arena : Are we Coming out of the Closet;<br/>17. Drug Abuse in India : A Blot in Present Generation;<br/><br/>9. <br/> |
| 650 ## - SUBJECT ADDED ENTRY--TOPICAL TERM | |
| Topical term or geographic name entry element | Social Institutions - India-Social Conditions |
| 650 ## - SUBJECT ADDED ENTRY--TOPICAL TERM | |
| Topical term or geographic name entry element | Anthropology and Sociology-Social problems Social welfare |
| 700 ## - ADDED ENTRY--PERSONAL NAME | |
| Personal name | Sandhu G I S |
| Relator term | Kumar Honey |
| 942 ## - ADDED ENTRY ELEMENTS (KOHA) | |
| Source of classification or shelving scheme | Dewey Decimal Classification |
| Koha item type | BOOKs |
| Withdrawn status | Lost status | Source of classification or shelving scheme | Materials specified (bound volume or other part) | Damaged status | Not for loan | Home library | Current library | Shelving location | Date acquired | Source of acquisition | Cost, normal purchase price | Total Checkouts | Full call number | Barcode | Date last seen | Price effective from | Koha item type |
|---|---|---|---|---|---|---|---|---|---|---|---|---|---|---|---|---|---|
| Dewey Decimal Classification | HB | . | . | 17.08.2018 | Purchased | 995.00 | 306.0954 JAS | 36584 | 17.08.2019 | 17.08.2019 | BOOKs |